000 00584nam a2200229Ia 4500
003 OSt
005 20220924151926.0
006 a|||||r|||| 00| 0
007 ta
008 220923b |||||||| |||| 00| 0 mar d
024 _a339971
037 _cTextual
040 _aARTS
_cARTS
_bmar
041 _2mar
_amar
082 _aO155,2M55x, J6
100 _aDeval R.R. Govind
_9225313
245 0 _aDurga natak
260 _c1956
650 _aMARATHI LITERATURE
_938000
942 _hO155,2M55x, J6
_cTEXL
_2CC
999 _c468101
_d468101